classement de la saison régulière de TOP 14 2021/2022 - Statistiques

Statistiques générales
  • Ce quiz a été pris 170 fois
  • Le résultat moyen est 10 sur 14
Statistiques - réponses
position points club % Correct
4 71 Toulouse
95%
1 76 Castres
90%
2 74 Montpellier
89%
3 72 Bordeaux
85%
5 71 La Rochelle
82%
6 70 Racing
79%
9 64 Lyon
72%
8 65 Toulon
70%
14 24 Biarritz
68%
7 66 Clermont
67%
13 43 Perpignan
66%
10 50 Pau
64%
11 50 Stade Français
60%
12 46 Brive
55%
Aucun quiz correspondant
Distribution des résultats
% des personnes avec chaque résultat
Percentile par nombre de réponses
Votre historique - résultats
Vous n’avez pas pris ce quiz